000 00390nam a22001577a 4500
005 20250312121451.0
008 250312b |||||||| |||| 00| 0 eng d
020 _a9780273626886
050 _aHD155
_bOPE
245 _aOperations management
250 _a2nd
260 _aLondon
_bPrentice-Hall
_cc1998
300 _axvii, 862p
700 _aSlack, Nigel {et...,el}
942 _2lcc
_cBK
_n0
999 _c4709
_d4709